El aprendizaje basado en el pensamiento: cómo desarrollar en los alumnos las competencias del siglo XXI
Saved in:
| Hovedforfatter: | |
|---|---|
| Andre forfattere: | , , , |
| Format: | Bog |
| Sprog: | spansk |
| Udgivet: |
Barcelona, España.
Ediciones SM,
2020.
|
| Udgivelse: | Séptima edición. |
| Serier: | Biblioteca Innovación Educativa
|
| Fag: | |
| Tags: |
Tilføj Tag
Ingen Tags, Vær først til at tagge denne postø!
|
MARC
| LEADER | 00000cam a2200000 a 4500 | ||
|---|---|---|---|
| 001 | UCD7035 | ||
| 003 | CL-VaPUC | ||
| 005 | 20230710162436.0 | ||
| 008 | 170303e20151100sp |||||||||||||||||spa|d | ||
| 999 | |c 441351 |d 441349 | ||
| 020 | |a 9788467556124 | ||
| 040 | |c Pontificia Universidad Católica de Valparaíso | ||
| 082 | 0 | 4 | |a 370.152 SWA 2020 |2 21 |
| 100 | 0 | |a Swartz, Robert J |e autor |9 245667 | |
| 245 | 1 | 3 | |a El aprendizaje basado en el pensamiento: cómo desarrollar en los alumnos las competencias del siglo XXI |
| 250 | |a Séptima edición. | ||
| 260 | |a Barcelona, España. |b Ediciones SM, |c 2020. | ||
| 300 | |a 285 páginas | ||
| 490 | 0 | |a Biblioteca Innovación Educativa | |
| 583 | |a last modification |c 20170303 17:35:00 | ||
| 650 | 0 | |a Metacognición |2 CL-VaPUC |9 423942 | |
| 650 | 0 | |a Procesos de aprendizaje |9 309161 | |
| 650 | 0 | |a Pensamiento crítico |9 455560 | |
| 650 | 0 | |a Competencias en educación |2 CL-VaPUC |9 523984 | |
| 700 | 0 | |a Costa, Arthur L |e autor |9 590982 | |
| 700 | 0 | |a Beyer, Barry K |e autor |9 590983 | |
| 700 | 0 | |a Reagan, Rebecca |e autora |9 590984 | |
| 700 | 0 | |a Kallick, Bena |e autora |9 590985 | |
| 942 | |c BK |2 ddc | ||
| 952 | |0 0 |1 0 |2 ddc |4 0 |6 370_152000000000000_SWA_2020 |7 0 |8 A |9 590783 |a BIBEDU |b BIBEDU |c GEN |d 2023-07-10 |e 3 |g 20538.00 |i 5658018 |l 3 |o 370.152 SWA 2020 |p 5658018 |r 2024-08-02 |s 2024-08-02 |t 1 |v 20538.00 |w 2023-07-10 |y BK |k LIT | ||